[Event "BAN-chT SAIF POWERTEC 2020"]
[Site "Dhaka"]
[Date "2021.03.19"]
[Round "1.11"]
[White "Jabed Al Azad"]
[Black "Gukesh D"]
[Result "0-1"]
[WhiteElo "2002"]
[BlackElo "2563"]
[Annotator "RC"]
[PlyCount "62"]
[EventDate "2021.03.19"]
[EventType "team-tourn"]
[EventCountry "BAN"]
[SourceTitle "playchess.com"]
[Source "ChessBase"]
[SourceQuality "1"]
[TimeControl "5400+30"]

1. e4 {[%emt 1:30:30]} g6 {[%emt 1:30:30]} 2. d4 {[%emt 0:00:30]} Bg7 {[%emt 0:00:30]} 3. Nf3 {[%emt 0:00:30]} d6 {[%emt 0:00:30]} 4. h3 {[%emt 0:00:30]} Nd7 {[%emt 0:00:30]} 5. Bd3 {[%emt 0:00:30]} e5 {[%emt 0:00:30]} 6. d5 {[%emt 0:00:30]} Ne7 {[%emt 0:00:30]} 7. O-O {[%emt 0:00:30]} O-O {[%emt 0:00:30]} 8. c4 {[%emt 0:00:30]} f5 {[%emt 0:00:30]} 9. Nc3 {[%emt 0:00:30]} f4 {[%emt 0:00:30]} 10. Ng5 {[%emt 0:00:30]} Nc5 {[%emt 0:00:30]} 11. b4 {[%emt 0:00:30]} Nxd3 {[%emt 0:00:30]} 12. Qxd3 {[%emt 0:00:30]} Nf5 13. exf5 Qxg5 {[%emt 0:01:00]} 14. fxg6 {[%emt 0:01:00]} e4 {[%emt 0:00:30]} 15. gxh7+ {[%emt 0:00:30]} Kh8 {[%emt 0:00:30]} 16. Nxe4 {[%emt 0:00:30]} Qg6 {[%emt 0:00:30]} 17. Rb1 {[%emt 0:00:30]} f3 {[%emt 0:00:30]} 18. g3 {[%emt 0:00:30]} Bxh3 {[%emt 0:00:30]} 19. Re1 {[%emt 0:00:30]} Bg2 {[%emt 0:00:30]} 20. g4 {[%emt 0:00:30]} Qxh7 {[%emt 0:00:30]} 21. Ng3 {[%emt 0:00:30]} Qxd3 {[%emt 0:00:30]} 22. Be3 {[%emt 0:00:30]} Be5 {[%emt 0:00:30]} 23. Rbd1 {[%emt 0:00:30]} Qh7 {[%emt 0:00:30]} 24. Bd4 {[%emt 0:00:30]} Bxd4 {[%emt 0:00:30]} 25. Rxd4 {[%emt 0:00:30]} Qh3 {[%emt 0:00:30]} 26. g5 {[%emt 0:00:30]} Bh1 {[%emt 0:00:30]} 27. Rh4+ {[%emt 0:00:30]} Qxh4 {[%emt 0:00:30]} 28. Re4 {[%emt 0:00:30]} Qh3 {[%emt 0:00:30]} 29. Rh4+ {[%emt 0:00:30]} Qxh4 {[%emt 0:00:30]} 30. Nxh1 {[%emt 0:00:30]} Qh3 {[%emt 0:00:30]} 31. Ng3 {[%emt 0:00:30]} Qg2# {[%emt 0:00:30]} 0-1

[Event "BAN-chT SAIF POWERTEC 2020"]
[Site "Dhaka"]
[Date "2021.03.19"]
[Round "1.12"]
[White "Neelotpal, Das"]
[Black "Erigaisi Arjun"]
[Result "0-1"]
[WhiteElo "2425"]
[BlackElo "2559"]
[Annotator "ChessBase"]
[PlyCount "92"]
[EventDate "2021.03.19"]
[EventType "team-tourn"]
[EventCountry "BAN"]
[SourceTitle "playchess.com"]
[Source "ChessBase"]
[SourceQuality "1"]
[TimeControl "5400+30"]

1. e4 {[%emt 1:30:30]} e5 {[%emt 1:30:30]} 2. Nf3 {[%emt 0:00:30]} Nc6 {[%emt 0:00:30]} 3. Nc3 {[%emt 0:00:30]} Nf6 {[%emt 0:00:30]} 4. d4 {[%emt 0:00:30]} exd4 {[%emt 0:00:30]} 5. Nxd4 {[%emt 0:00:30]} Bb4 {[%emt 0:00:30]} 6. Nxc6 {[%emt 0:00:30]} bxc6 {[%emt 0:00:30]} 7. Bd3 {[%emt 0:00:30]} O-O {[%emt 0:00:30]} 8. O-O {[%emt 0:00:30]} d5 {[%emt 0:00:30]} 9. exd5 {[%emt 0:00:30]} cxd5 {[%emt 0:00:30]} 10. Bg5 {[%emt 0:00:30]} c6 {[%emt 0:00:30]} 11. Qf3 {[%emt 0:00:30]} h6 {[%emt 0:00:30]} 12. Bxf6 {[%emt 0:00:30]} Qxf6 {[%emt 0:00:30]} 13. Qxf6 {[%emt 0:00:30]} gxf6 {[%emt 0:00:30]} 14. Ne2 {[%emt 0:00:30]} Bc5 {[%emt 0:00:30]} 15. Ng3 {[%emt 0:00:30]} Re8 {[%emt 0:00:30]} 16. Rfe1 {[%emt 0:00:30]} Re5 {[%emt 0:00:30]} 17. Kf1 {[%emt 0:00:30]} Rb8 {[%emt 0:00:30]} 18. f4 {[%emt 0:00:30]} Rxe1+ {[%emt 0:00:30]} 19. Rxe1 {[%emt 0:00:30]} Kf8 {[%emt 0:00:30]} 20. b3 {[%emt 0:00:30]} Rb4 {[%emt 0:00:30]} 21. Ne2 {[%emt 0:00:30]} Be3 {[%emt 0:00:30]} 22. Rd1 {[%emt 0:00:30]} a5 {[%emt 0:00:30]} 23. c3 {[%emt 0:00:30]} Rb8 {[%emt 0:00:30]} 24. h3 {[%emt 0:00:30]} h5 {[%emt 0:00:30]} 25. f5 {[%emt 0:00:30]} h4 {[%emt 0:00:30]} 26. Bc2 {[%emt 0:00:30]} Ba6 {[%emt 0:00:30]} 27. Bd3 {[%emt 0:00:30]} Bb7 {[%emt 0:00:30]} 28. Nd4 {[%emt 0:00:30]} Bf4 {[%emt 0:00:30]} 29. c4 {[%emt 0:00:30]} c5 {[%emt 0:00:30]} 30. Ne2 {[%emt 0:00:30]} Be5 {[%emt 0:00:30]} 31. cxd5 {[%emt 0:00:30]} Bxd5 {[%emt 0:00:30]} 32. Rc1 {[%emt 0:00:30]} Rc8 {[%emt 0:00:30]} 33. Nc3 {[%emt 0:00:30]} Bc6 {[%emt 0:00:30]} 34. Be4 {[%emt 0:00:30]} Bd7 {[%emt 0:00:30]} 35. Nd5 {[%emt 0:00:30]} Bd4 {[%emt 0:00:30]} 36. Nb6 {[%emt 0:00:30]} Bb5+ {[%emt 0:00:30]} 37. Nc4 {[%emt 0:00:30]} a4 {[%emt 0:00:30]} 38. bxa4 {[%emt 0:00:30]} Bxa4 {[%emt 0:00:30]} 39. Rb1 {[%emt 0:00:30]} Re8 {[%emt 0:00:30]} 40. Bd3 {[%emt 0:00:30]} Re7 {[%emt 0:00:30]} 41. Re1 {[%emt 0:00:30]} Ra7 {[%emt 0:00:30]} 42. Nd6 {[%emt 0:00:30]} Bc6 {[%emt 0:00:30]} 43. Bc4 {[%emt 0:00:30]} Be5 {[%emt 0:00:30]} 44. Nb5 {[%emt 0:00:30]} Ra4 {[%emt 0:00:30]} 45. Be2 {[%emt 0:00:30]} Rxa2 {[%emt 0:00:30]} 46. Rc1 {[%emt 0:00:30]} Rxe2 {[%emt 0:00:30]} 0-1

[Event "BAN-chT SAIF POWERTEC 2020"]
[Site "Dhaka"]
[Date "2021.03.20"]
[Round "2.1"]
[White "Hasan Md, Emam"]
[Black "Adhiban, B.."]
[Result "0-1"]
[WhiteElo "2058"]
[BlackElo "2659"]
[Annotator "TA"]
[PlyCount "68"]
[EventDate "2021.03.19"]
[EventType "team-tourn"]
[EventCountry "BAN"]
[SourceTitle "playchess.com"]
[Source "ChessBase"]
[SourceQuality "1"]
[WhiteTeam "Bangladesh"]
[BlackTeam "India"]
[WhiteTeamCountry "BAN"]
[BlackTeamCountry "IND"]

{[%evp 19,68,-9,-2,-41,-36,-44,-34,-34,-8,-6,-8,-51,-52,-63,-65,-122,-22,-102,-104,-124,-115,-176,-177,-145,-192,-197,-197,-255,-260,-248,-239,-238,-164,-431,-428,-437,-437,-1033,-1068,-1542,-1540,-1512,-1536,-1512,-1500,-1491,-1484,-1469,-1371,-1322,-1325]} 1. e4 c5 2. Nc3 Nc6 3. g3 g6 4. Bg2 Bg7 5. Nge2 d6 6. O-O e6 7. d3 Nge7 8. f4 O-O 9. Be3 Nd4 10. Qd2 Rb8 11. Nc1 {B26: Closed Sicilian: 3 g3, lines with early Be3.} b5 12. Nd1 b4 13. c3 {Black is slightly better.} bxc3 14. bxc3 Ndc6 15. g4 f5 16. h3 Ba6 17. Ne2 (17. exf5 $15 gxf5 18. Ne2) 17... Qa5 {[#]} ({Black should play} 17... fxe4 $17 18. dxe4 Na5) 18. Rc1 $146 (18. exf5 $11 {keeps the balance.} gxf5 19. Nf2) ({Predecessor:} 18. Ng3 d5 19. exd5 exd5 20. Bf2 d4 21. Qe2 dxc3 22. Bxc6 Nxc6 23. Qe6+ Kh8 24. Qxc6 {0-1 (40) Eyo Castro Rial,A-Lopez del Alamo,A Oropesa del Mar 2000}) 18... fxe4 $17 {Black keeps a firm grip on the game.} 19. dxe4 {[#]} Nd4 $1 {[%cal Rd4e2][%mdl 512]} 20. Bf3 (20. Bxd4 $17 {was necessary.} cxd4 21. Rf2) 20... Nxf3+ $19 21. Rxf3 d5 22. Ng3 {[#]} Rbd8 $1 {White must now prevent ...dxe4.} 23. Qf2 (23. Qc2 $142) 23... dxe4 24. Nxe4 {[#]} Bb7 $1 {[%cal Rb7e4]} ({Not} 24... Qa4 25. Nxc5 Qc6 26. Nxa6 $11) 25. Qc2 Nd5 26. Ng5 $2 (26. Nxc5 Bc8 27. Qe4) 26... Qa6 {Black is clearly winning.} 27. Rb1 Ba8 ({Weaker is} 27... Nxe3 28. Rxe3 Bd5 29. Qe2 $19) 28. Bd2 {[#]} (28. Bxc5 $142 Rxf4 29. Qd3) 28... Nxf4 $1 {[%mdl 576] Discovered Attack} 29. Rxf4 (29. Bxf4 Bxf3) 29... Qe2 {[%csl Ga8][%cal Re2g2]} 30. Rf2 Rxf2 31. Nxf2 Rxd2 {[%csl Gd2][%cal Re2f2]} 32. Rb8+ Bf8 {[%csl Gd2][%cal Re2f2]} 33. Qxd2 Qxd2 34. Rxa8 Qxg5 {Weighted Error Value: White=0.91/Black=0.11} 0-1

[Event "BAN-chT SAIF POWERTEC 2020"]
[Site "Dhaka"]
[Date "2021.03.20"]
[Round "2.2"]
[White "Kovalev, Vladislav"]
[Black "Rahman, Syed Mahfuzur"]
[Result "1-0"]
[WhiteElo "2648"]
[BlackElo "2158"]
[Annotator "TA"]
[PlyCount "27"]
[EventDate "2021.03.19"]
[EventType "team-tourn"]
[EventCountry "BAN"]
[SourceTitle "playchess.com"]
[Source "ChessBase"]
[SourceQuality "1"]
[WhiteTeam "Belarus"]
[BlackTeam "Bangladesh"]
[WhiteTeamCountry "BLR"]
[BlackTeamCountry "BAN"]

{[%evp 9,27,16,27,10,36,19,92,93,110,107,217,213,218,203,195,189,380,358,1230,1183]} 1. e4 c5 2. Nf3 d6 3. Bb5+ Nd7 4. O-O a6 5. Bd3 Ngf6 6. Re1 {B51: Sicilian: Moscow Variation (3 Bb5+) without 3...Bd7.} b5 7. c4 (7. a4 $5 {[%cal Ra4b5]}) 7... Bb7 (7... Rb8 $11) 8. cxb5 $16 {White is better.} axb5 9. Bxb5 Nxe4 {[#]} (9... Bxe4 $16 10. Nc3 Bxf3 11. Qxf3 e6) 10. Nc3 $1 $18 {[%cal Rc3e4]} Nxc3 11. dxc3 {[#] Threatens to win with Qxd6.} e6 $146 {[#]} ({Predecessor:} 11... e5 12. Nxe5 dxe5 13. Rxe5+ Be7 14. Bg5 f6 15. Bxf6 gxf6 16. Qh5+ Kf8 17. Qh6+ Ke8 {0-1 (28) Horak,M (2341)-Nastore,P (2234) chess.com INT 2020}) 12. Ng5 $1 {Hoping for Qg4.} Qc7 $2 (12... Qf6 13. Ne4 Qe5) 13. Qg4 {Strongly threatening Nxe6!} h5 $2 (13... e5 14. f4 c4) 14. Nxe6 {[%mdl 64] Double Attack. Black did not feel at home in the position after the opening.  Weighted Error Value: White=0.09/Black=0.60} 1-0

[Event "BAN-chT SAIF POWERTEC 2020"]
[Site "Dhaka"]
[Date "2021.03.20"]
[Round "2.3"]
[White "Sanket Chakravarty"]
[Black "Reefat, Bin-Sattar"]
[Result "0-1"]
[WhiteElo "2106"]
[BlackElo "2409"]
[Annotator "NA"]
[PlyCount "36"]
[EventDate "2021.03.19"]
[EventType "team-tourn"]
[EventCountry "BAN"]
[SourceTitle "playchess.com"]
[Source "ChessBase"]
[SourceQuality "1"]
[WhiteTeam "India"]
[BlackTeam "Bangladesh"]
[WhiteTeamCountry "IND"]
[BlackTeamCountry "BAN"]
[TimeControl "5400+30"]

1. c4 {[%emt 0:14:00]} e5 {[%emt 0:00:30]} 2. g3 {[%emt 0:00:27]} Nf6 {[%emt 0:00:05]} 3. Bg2 {[%emt 0:00:04]} d5 {[%emt 0:00:06]} 4. cxd5 {[%emt 0:00:04]} Nxd5 {[%emt 0:00:05]} 5. Nc3 {[%emt 0:00:05]} Nb6 {[%emt 0:00:05]} 6. e3 {[%emt 0:00:07]} Nc6 {[%emt 0:19:37]} 7. Nge2 {[%emt 0:00:08]} h5 {[%emt 0:04:21]} 8. h3 {[%emt 0:00:16]} h4 {[%emt 0:09:17]} 9. g4 {[%emt 0:00:45]} f5 {[%emt 0:00:31]} 10. gxf5 {[%emt 0:00:05]} Bxf5 {[%emt 0:00:05]} 11. d4 {[%emt 0:00:04]} exd4 {[%emt 0:06:05]} 12. Nxd4 {[%emt 0:00:08]} Nxd4 {[%emt 0:00:21]} 13. exd4 {[%emt 0:00:07]} Qe7+ {[%emt 0:01:32]} 14. Be3 {[%emt 0:00:05]} c6 {[%emt 0:02:39]} 15. d5 {[%emt 0:00:45]} Qe5 {[%emt 0:35:33]} 16. dxc6 {[%emt 0:16:14]} Rd8 {[%emt 0:00:07]} 17. Qf3 {[%emt 0:01:46]} Bd6 {[%emt 0:01:06]} 18. O-O-O {[%emt 0:14:07]} Qxc3+ {[%emt 0:00:07]} 0-1

[Event "BAN-chT SAIF POWERTEC 2020"]
[Site "Dhaka"]
[Date "2021.03.20"]
[Round "2.4"]
[White "Mehdi Hasan Parag"]
[Black "Mihir Lal, Das"]
[Result "1-0"]
[WhiteElo "2204"]
[BlackElo "1964"]
[Annotator "NA"]
[PlyCount "61"]
[EventDate "2021.03.19"]
[EventType "team-tourn"]
[EventCountry "BAN"]
[SourceTitle "playchess.com"]
[Source "ChessBase"]
[SourceQuality "1"]
[WhiteTeam "Bangladesh"]
[BlackTeam "Bangladesh"]
[WhiteTeamCountry "BAN"]
[BlackTeamCountry "BAN"]
[TimeControl "5400+30"]

1. e4 {[%emt 0:00:00]} c5 {[%emt 0:01:32]} 2. Nf3 {[%emt 0:00:00]} e6 {[%emt 0:07:30]} 3. d4 {[%emt 0:00:12]} cxd4 {[%emt 0:00:13]} 4. Nxd4 {[%emt 0:00:04]} Nf6 {[%emt 0:00:06]} 5. Nc3 {[%emt 0:01:52]} Nc6 {[%emt 0:00:05]} 6. Nxc6 {[%emt 0:00:29]} bxc6 {[%emt 0:00:03]} 7. e5 {[%emt 0:00:13]} Nd5 {[%emt 0:00:02]} 8. Ne4 {[%emt 0:00:20]} Qc7 {[%emt 0:00:04]} 9. f4 {[%emt 0:01:03]} Qb6 {[%emt 0:00:07]} 10. c4 {[%emt 0:00:19]} Bb4+ {[%emt 0:00:43]} 11. Ke2 {[%emt 0:00:14]} f5 {[%emt 0:00:50]} 12. exf6 {[%emt 0:05:37]} Nxf6 {[%emt 0:00:04]} 13. Be3 {[%emt 0:00:57]} Qc7 {[%emt 0:03:06]} 14. Nxf6+ {[%emt 0:00:52]} gxf6 {[%emt 0:01:19]} 15. c5 {[%emt 0:00:08]} d6 {[%emt 0:05:36]} 16. Qxd6 {[%emt 0:00:32]} Qxd6 {[%emt 0:00:04]} 17. cxd6 {[%emt 0:00:06]} Bxd6 {[%emt 0:00:19]} 18. Rc1 {[%emt 0:01:09]} Rb8 {[%emt 0:02:27]} 19. b3 {[%emt 0:01:00]} Kd7 {[%emt 0:20:49]} 20. Kf2 {[%emt 0:06:29]} a5 {[%emt 0:09:54]} 21. Bc4 {[%emt 0:05:10]} e5 {[%emt 0:06:00]} 22. Rhd1 {[%emt 0:01:05]} Kc7 {[%emt 0:00:02]} 23. Bd5 {[%emt 0:12:35]} Bd7 {[%emt 0:03:28]} 24. f5 {[%emt 0:05:33]} c5 {[%emt 0:12:53]} 25. Be4 {[%emt 0:02:43]} Rb4 {[%emt 0:12:05]} 26. Rxd6 {[%emt 0:13:34]} Rxe4 {[%emt 0:02:34]} 27. Rxf6 {[%emt 0:00:10]} Rc8 {[%emt 0:07:39]} 28. Rxc5+ {[%emt 0:01:35]} Kb7 {[%emt 0:00:18]} 29. Rxc8 {[%emt 0:00:10]} Kxc8 {[%emt 0:00:20]} 30. Rf8+ {[%emt 0:00:41]} Kc7 {[%emt 0:01:22]} 31. f6 {[%emt 0:00:48]} 1-0

[Event "BAN-chT SAIF POWERTEC 2020"]
[Site "Dhaka"]
[Date "2021.03.20"]
[Round "2.5"]
[White "Mohammad Fahad, Rahman"]
[Black "Shahnaz, Mohammad Faruque"]
[Result "1-0"]
[WhiteElo "2307"]
[BlackElo "1831"]
[Annotator "NA"]
[PlyCount "67"]
[EventDate "2021.03.19"]
[EventType "team-tourn"]
[EventCountry "BAN"]
[SourceTitle "playchess.com"]
[Source "ChessBase"]
[SourceQuality "1"]
[WhiteTeam "Bangladesh"]
[BlackTeam "Bangladesh"]
[WhiteTeamCountry "BAN"]
[BlackTeamCountry "BAN"]
[TimeControl "5400+30"]

1. e4 {[%emt 0:00:00]} c5 {[%emt 0:00:00]} 2. Nf3 {[%emt 0:00:02]} d6 {[%emt 0:00:00]} 3. d4 {[%emt 0:00:11]} cxd4 {[%emt 0:00:11]} 4. Nxd4 {[%emt 0:00:08]} Nf6 {[%emt 0:00:05]} 5. Nc3 {[%emt 0:00:21]} a6 {[%emt 0:00:12]} 6. Be3 {[%emt 0:00:25]} e5 {[%emt 0:00:08]} 7. Nb3 {[%emt 0:00:09]} Be6 {[%emt 0:03:59]} 8. f3 {[%emt 0:00:18]} Be7 {[%emt 0:03:06]} 9. Qd2 {[%emt 0:00:15]} Nbd7 {[%emt 0:03:32]} 10. g4 {[%emt 0:04:58]} Nb6 {[%emt 0:00:38]} 11. O-O-O {[%emt 0:12:30]} Nfd7 {[%emt 0:15:47]} 12. Nd5 {[%emt 0:06:21]} Bxd5 {[%emt 0:00:58]} 13. exd5 {[%emt 1:10:52]} Qc7 {[%emt 0:06:15]} 14. Na5 {[%emt 0:00:00]} Rc8 {[%emt 0:04:07]} 15. Kb1 {[%emt 0:00:00]} Na4 {[%emt 0:05:58]} 16. c4 {[%emt 0:00:00]} Bd8 {[%emt 0:13:42]} 17. Nb3 {[%emt 0:00:00]} a5 {[%emt 0:06:45]} 18. c5 {[%emt 0:00:00]} Naxc5 {[%emt 0:03:52]} 19. Bb5 {[%emt 0:00:00]} O-O {[%emt 0:01:33]} 20. Nxc5 {[%emt 0:00:00]} Nxc5 {[%emt 0:01:00]} 21. Bxc5 {[%emt 0:00:00]} dxc5 {[%emt 0:01:42]} 22. d6 {[%emt 0:00:00]} Qb6 {[%emt 0:02:20]} 23. a4 {[%emt 0:00:00]} c4 {[%emt 0:00:53]} 24. Rc1 {[%emt 0:00:00]} Qd4 {[%emt 0:11:13]} 25. Qxd4 {[%emt 0:00:00]} exd4 {[%emt 0:00:02]} 26. d7 {[%emt 0:00:00]} Rc7 {[%emt 0:05:33]} 27. Rhd1 {[%emt 0:00:00]} Bg5 {[%emt 0:02:22]} 28. Rxd4 {[%emt 0:00:00]} Bd8 {[%emt 0:03:15]} 29. Rcxc4 {[%emt 0:00:00]} b6 {[%emt 0:00:39]} 30. Re4 {[%emt 0:00:00]} Rxc4 {[%emt 0:01:32]} 31. Bxc4 {[%emt 0:00:00]} g6 {[%emt 0:00:08]} 32. Re8 {[%emt 0:00:00]} Kg7 {[%emt 0:00:30]} 33. Kc2 {[%emt 0:00:00]} Rh8 {[%emt 0:04:33]} 34. Re6 {[%emt 0:10:30]} 1-0

[Event "BAN-chT SAIF POWERTEC 2020"]
[Site "Dhaka"]
[Date "2021.03.20"]
[Round "2.6"]
[White "Aronyak Ghosh"]
[Black "Ganguly, Surya Shekhar"]
[Result "1/2-1/2"]
[WhiteElo "2436"]
[BlackElo "2635"]
[Annotator "TA"]
[PlyCount "43"]
[EventDate "2021.03.19"]
[EventType "team-tourn"]
[EventCountry "BAN"]
[SourceTitle "playchess.com"]
[Source "ChessBase"]
[SourceQuality "1"]
[WhiteTeam "India"]
[BlackTeam "India"]
[WhiteTeamCountry "IND"]
[BlackTeamCountry "IND"]

{[%evp 16,43,10,15,8,7,33,31,21,21,28,30,32,0,20,14,16,0,0,0,0,25,0,0,0,0,0,0,0,0]} 1. c4 Nf6 2. Nc3 e6 3. e4 d5 4. e5 d4 5. exf6 dxc3 6. bxc3 Qxf6 7. Nf3 b6 8. d4 Bb7 9. Bd3 $1 {next Bg5 is good for White. 9.Bd3 is better than 9.Be2.} h6 {A18: English Opening: Flohr-Mikenas System (1 c4 Nf6 2 Nc3 e6 3 e4).} 10. O-O Bd6 (10... Bxf3 $5 11. Qxf3 Qxf3 12. gxf3 Nd7 $11) 11. Nd2 O-O {White is slightly better.} 12. Re1 Qh4 13. g3 Qd8 14. Ne4 {[#] White wants to play Qh5.} Be7 $146 ({Predecessor:} 14... Nd7 15. Nxd6 cxd6 16. Qg4 Nf6 17. Qh4 Nh7 18. Qxd8 Rfxd8 19. a4 d5 20. cxd5 Bxd5 {½-½ (61) Lugones,L (2013)-Penafiel,H (2193) Buenos Aires 2019}) 15. Qh5 {And now Bxh6! would win.} Nd7 16. Bxh6 gxh6 17. Qxh6 {[#] Threatening mate with Nf6+!} f5 18. Qg6+ Kh8 19. Qh6+ {The position is equal.} Kg8 20. Qg6+ Kh8 21. Qh6+ Kg8 22. Qg6+ {An uneventful encounter.  Weighted Error Value: White=0.04/Black=0.05} 1/2-1/2

[Event "BAN-chT SAIF POWERTEC 2020"]
[Site "Dhaka"]
[Date "2021.03.20"]
[Round "2.7"]
[White "Sadhwani, Raunak"]
[Black "Subhayan Kundu"]
[Result "1-0"]
[WhiteElo "2545"]
[BlackElo "2305"]
[Annotator "TA"]
[PlyCount "73"]
[EventDate "2021.03.19"]
[EventType "team-tourn"]
[EventCountry "BAN"]
[SourceTitle "playchess.com"]
[Source "ChessBase"]
[SourceQuality "1"]
[WhiteTeam "India"]
[BlackTeam "India"]
[WhiteTeamCountry "IND"]
[BlackTeamCountry "IND"]

{[%evp 16,73,20,21,29,16,37,14,31,22,23,25,24,32,55,34,45,46,39,37,62,50,47,62,231,222,235,202,215,220,372,366,482,344,541,514,503,498,489,292,297,275,256,0,242,200,199,276,472,452,517,513,968,970,741,754,1492,694,4786,2893]} 1. e4 e6 2. d4 d5 3. Nc3 Nf6 4. e5 Nfd7 5. f4 c5 6. Nf3 Nc6 7. Be3 Be7 8. Qd2 O-O 9. dxc5 Qa5 {C11: French: Classical System: 4 e5 and 4 Bg5 dxe4.} 10. a3 a6 {[#]} 11. Nd4 $146 (11. Qd1 {looks sharper.} f6 12. b4 Qd8 13. exf6 Bxf6 14. Qd2) ({Predecessor:} 11. h4 Bxc5 12. h5 b5 13. Bxc5 Nxc5 14. Nd4 Nxd4 15. Qxd4 Ne4 16. Rh3 f5 17. exf6 Rxf6 {1-0 (47) Kriebel,T (2519)-Teclaf,P (2464) Zlin 2020}) 11... Bxc5 {The position is equal.} 12. Nb3 Bxe3 13. Qxe3 Qc7 14. Bd3 Na5 15. Qh3 {[%csl Gd3][%cal Rh3h7]} f5 16. Nxa5 Qxa5 17. g4 {[%cal Rg4f5]} d4 {[%mdl 64] [#] Pin} 18. b4 $1 Qc7 19. Ne2 $36 {[%cal Rg4f5][%mdl 2048] White has the initiative.} g6 $2 (19... a5 $14) 20. Qh6 $18 Nb6 21. gxf5 exf5 22. h4 {Black must now prevent h5.} Bd7 $2 (22... Qg7 23. Qg5 (23. Qxg7+ Kxg7 24. h5 Rd8 $16) 23... h6) 23. h5 Be8 24. Kd2 Rd8 (24... Qg7 $142) 25. Rag1 {[%cal Rh5g6]} Qg7 26. Qg5 Rd7 27. Ng3 (27. hxg6 $142 Bxg6 28. Ng3) 27... h6 28. Qh4 g5 {[#]} 29. Qh3 (29. fxg5 $1 $18 hxg5 {[#]} 30. h6 $1 {[%mdl 512]}) 29... Rdf7 $2 (29... Nd5 $1 $11 30. e6 (30. Nxf5 Nxf4 {[%mdl 64] Double Attack} 31. Nxg7 Nxh3 $15) 30... Rd6 31. Nxf5 {[%mdl 64] Double Attack} Qc7 32. Nxh6+ (32. Nxd6 Qc3+ 33. Kd1 Qa1+ 34. Kd2 Qc3+ 35. Kd1 Qa1+ 36. Kd2 Qc3+ $11) 32... Kh8 33. Rxg5 Qc3+ 34. Kd1 Qa1+ 35. Kd2 Qc3+ 36. Kd1 Qa1+ 37. Kd2 Qc3+) 30. Nxf5 Rxf5 31. Bxf5 Nc4+ $2 (31... Kh8 32. Bd3 Bc6) 32. Kc1 {White is clearly winning.} Ne3 33. fxg5 Qxe5 (33... Kh8 $142 34. Be4 Qxe5) 34. gxh6+ Kh8 35. Bd3 Bc6 36. Rh2 Be4 {[#]} 37. Qd7 $1 {[%mdl 512] Weighted Error Value: White=0.44/Black=0.64} 1-0

[Event "BAN-chT SAIF POWERTEC 2020"]
[Site "Dhaka"]
[Date "2021.03.20"]
[Round "2.8"]
[White "Shawket Bin, Osman Shaon"]
[Black "Rahman, Ziaur"]
[Result "0-1"]
[WhiteElo "1982"]
[BlackElo "2419"]
[Annotator "NA"]
[PlyCount "92"]
[EventDate "2021.03.19"]
[EventType "team-tourn"]
[EventCountry "BAN"]
[SourceTitle "playchess.com"]
[Source "ChessBase"]
[SourceQuality "1"]
[WhiteTeam "Bangladesh"]
[BlackTeam "Bangladesh"]
[WhiteTeamCountry "BAN"]
[BlackTeamCountry "BAN"]
[TimeControl "5400+30"]

1. d4 {[%emt 1:30:30]} Nf6 {[%emt 1:30:30]} 2. c4 {[%emt 0:00:00]} e6 {[%emt 0:00:00]} 3. Nf3 {[%emt 0:00:00]} d5 {[%emt 0:00:00]} 4. e3 {[%emt 0:00:00]} Nbd7 {[%emt 0:00:00]} 5. Bd3 {[%emt 0:00:00]} dxc4 {[%emt 0:00:00]} 6. Bxc4 {[%emt 0:00:00]} a6 {[%emt 0:00:00]} 7. O-O {[%emt 0:00:00]} c5 {[%emt 0:00:00]} 8. a4 {[%emt 0:00:00]} cxd4 {[%emt 0:00:00]} 9. exd4 {[%emt 0:00:00]} Nb6 {[%emt 0:00:00]} 10. Bb3 {[%emt 0:00:00]} Be7 {[%emt 0:00:00]} 11. Nc3 {[%emt 0:00:00]} O-O {[%emt 0:00:00]} 12. Qe2 {[%emt 0:00:00]} Nbd5 {[%emt 0:00:00]} 13. a5 {[%emt 0:00:00]} Bd7 {[%emt 0:00:00]} 14. Ne5 {[%emt 0:00:00]} Bc6 {[%emt 0:00:00]} 15. Rd1 {[%emt 0:00:00]} Bb4 {[%emt 0:00:00]} 16. Nxc6 {[%emt 0:00:00]} bxc6 {[%emt 0:00:00]} 17. Bd2 {[%emt 0:00:00]} Qb8 {[%emt 0:00:00]} 18. Bc4 {[%emt 0:00:00]} Bd6 {[%emt 0:00:00]} 19. g3 {[%emt 0:00:00]} Qa7 {[%emt 0:00:00]} 20. Be1 {[%emt 0:00:00]} Rfd8 {[%emt 0:00:00]} 21. Rac1 {[%emt 0:00:00]} Bf8 {[%emt 0:00:00]} 22. Nxd5 Nxd5 23. Qe4 {[%emt 0:00:00]} g6 {[%emt 0:00:00]} 24. Bf1 {[%emt 0:00:00]} Qb7 {[%emt 0:00:00]} 25. Rc2 {[%emt 0:00:00]} Bg7 {[%emt 0:00:00]} 26. Rdc1 {[%emt 0:00:00]} Ne7 {[%emt 0:00:00]} 27. Bc3 {[%emt 0:00:00]} Rd6 {[%emt 0:00:00]} 28. h4 {[%emt 0:00:00]} h5 {[%emt 0:00:00]} 29. Rd1 {[%emt 0:00:26]} Rad8 {[%emt 0:00:00]} 30. Rcd2 {[%emt 0:00:43]} Nf5 {[%emt 0:00:00]} 31. g4 {[%emt 0:03:06]} hxg4 {[%emt 0:00:00]} 32. Qxg4 {[%emt 0:00:02]} Bh6 {[%emt 0:00:00]} 33. Rd3 {[%emt 0:01:20]} Kh7 {[%emt 0:00:00]} 34. Bg2 {[%emt 0:01:21]} Rg8 {[%emt 0:00:00]} 35. Rh3 {[%emt 0:01:47]} Ng7 {[%emt 0:00:00]} 36. Bd2 {[%emt 0:02:02]} f5 {[%emt 0:00:00]} 37. Qf3 {[%emt 0:01:00]} Bxd2 {[%emt 0:00:00]} 38. Rxd2 {[%emt 0:00:02]} Qd7 {[%emt 0:00:00]} 39. Rc2 {[%emt 0:02:21]} Rd5 {[%emt 0:00:00]} 40. h5 {[%emt 0:01:27]} gxh5 {[%emt 0:00:00]} 41. Rxh5+ {[%emt 0:01:49]} Nxh5 {[%emt 0:00:00]} 42. Qxh5+ {[%emt 0:00:03]} Kg7 {[%emt 0:00:00]} 43. Bxd5 {[%emt 0:00:19]} Qxd5 {[%emt 0:00:00]} 44. Kf1 {[%emt 0:00:54]} Rh8 {[%emt 0:00:00]} 45. Qg5+ {[%emt 0:00:07]} Kf7 {[%emt 0:00:00]} 46. Rc3 {[%emt 0:00:58]} Qb5+ {[%emt 0:00:00]} 0-1